Search the Library Catalogue
| 000 -LEADER | |
|---|---|
| fixed length control field | 00933nam a2200253Ia 4500 |
| 008 - FIXED-LENGTH DATA ELEMENTS--GENERAL INFORMATION | |
| fixed length control field | 191130s1990##################000#0#eng## |
| 020 ## - INTERNATIONAL STANDARD BOOK NUMBER | |
| ISBN | 521391296 |
| 082 ## - DEWEY DECIMAL CLASSIFICATION NUMBER | |
| Classification number | 899.4 FIR |
| 100 ## - MAIN ENTRY--AUTHOR NAME | |
| Personal name | Firth, Raymond |
| 245 ## - TITLE STATEMENT | |
| Title | Tikopia songs : poetic and musical art of a Polynesian people of the Solomon Islands |
| Statement of responsibility, etc | by Raymond Firth ; Mervyn McLean |
| 260 ## - PUBLICATION, DISTRIBUTION, ETC. (IMPRINT) | |
| Place of publication | Cambridge |
| Name of publisher | Cambridge University Press |
| Year of publication | 1990 |
| 300 ## - PHYSICAL DESCRIPTION | |
| Number of Pages | xvii, 307 p. : ill., map ; 24 cm |
| 500 ## - GENERAL NOTE | |
| General note | Includes bibliographical references (p. [301]-302) and index |
| 650 ## - SUBJECT ADDED ENTRY--TOPICAL TERM | |
| Topical Term | Folk poetry, Tikopia |
| Topical Term | Folk poetry, Tikopia - History and criticism |
| Topical Term | Tikopia (Solomon Islands people) - Rites and ceremonies |
| Topical Term | Tikopia (Solomon Islands people) - Social life and customs |
| 700 ## - ADDED ENTRY--PERSONAL NAME | |
| Personal name | McLean, Mervyn |
| 991 ## - | |
| -- | 173088 |
| Withdrawn status | Lost status | Damaged status | Not for loan | Home library | Current library | Date acquired | Full call number | Accession Number | Price effective from | Koha item type |
|---|---|---|---|---|---|---|---|---|---|---|
| Anna Centenary Library | Anna Centenary Library | 09.10.2020 | 899.4 FIR | 192225 | 09.10.2020 | English Books |